Financial Management (Record no. 1631)

MARC details
000 -LEADER
fixed length control field 00409nam a22001697a 4500
005 - DATE AND TIME OF LATEST TRANSACTION
control field 20160525095111.0
008 - FIXED-LENGTH DATA ELEMENTS--GENERAL INFORMATION
fixed length control field 160525b xxu||||| |||| 00| 0 eng d
020 ## - INTERNATIONAL STANDARD BOOK NUMBER
ISBN 0-07-044501-X
041 ## - LANGUAGE CODE
Language code of text/sound track or separate title eng
082 ## - DEWEY DECIMAL CLASSIFICATION NUMBER
Item number 4796
100 ## - MAIN ENTRY--AUTHOR NAME
Personal name Chandra, Prasanna
245 ## - TITLE STATEMENT
Title Financial Management
260 ## - PUBLICATION, DISTRIBUTION, ETC. (IMPRINT)
Place of publication New Delhi
Name of publisher Academic Faundation
Year of publication 2004
300 ## - PHYSICAL DESCRIPTION
Number of Pages 1079
650 ## - SUBJECT ADDED ENTRY--TOPICAL TERM
Topical Term Management
942 ## - ADDED ENTRY ELEMENTS (KOHA)
Koha item type Books
Holdings
Lost status Damaged status Collection code Home library Current library Shelving location Date acquired Cost, normal purchase price Full call number Accession Number Koha item type Source of acquisition
    MANAGEMENT JRU Library JRU Library SHELF-19-B 25/05/2016 375.00 4796 4796 Books  
    MANAGEMENT JRU Library JRU Library SHELF-58 -I 25/05/2016 375.00 4796 4797 Books PURCHASE
    MANAGEMENT JRU Library JRU Library SHELF-58 -I 25/05/2016 375.00 4796 4798 Books PURCHASE
    MANAGEMENT JRU Library JRU Library SHELF-58 -I 25/05/2016 375.00 4796 4799 Books PURCHASE